| 000 | 00585nam a2200193Ia 4500 | ||
|---|---|---|---|
| 003 | GCL | ||
| 008 | 140319s9999 xx 000 0 eng d | ||
| 040 |
_aGCL / _cGCL |
||
| 082 | 0 | 4 |
_aCH _b362.6521 _bB M |
| 100 | 1 | _aMOHANED SADIKA YOUSSEF | |
| 245 | 1 | 0 |
_aMY STICKER DICTIONARY: ILLUSTRATED IN COLOUR, ENGLISH - ARABIC / _cMOHANED SADIKA YOUSSEF |
| 700 | 1 | _aRADAWI, A, ZAKI | |
| 260 |
_a[S.N] : _bDAR AL-KITAB AL-MASRI ، _c1991 |
||
| 300 | _a48 P | ||
| 650 | 0 | 4 | _aCHILD PSYCHOLOGY |
| 650 | 0 | 4 | _aPSYCHOLOGY OF LEARNING |
| 650 | 0 | 4 | _aENCYCLOPEDIAS AND DICTIONARIES |
| 942 |
_2ddc _cBK |
||
| 999 |
_c11096 _d11096 |
||